000 00713nam a2200253 i 4500
001 bg
100 1 _aGniewek, Edward
_d(1947- )
245 1 0 _aPrawo rzeczowe /
_cEdward Gniewek.
250 _a3 wyd. zm. i zaktualiz.
260 _aWarszawa :
_bC. H. Beck,
_c2000.
300 _aXXVI, 305 s. ;
_c21 cm.
490 1 _aPodręczniki Prawnicze
504 _aBibliogr. przy rozdz. - Indeks.
650 9 _aPrawo rzeczowe
_zPolska
_ystan na 2000 r.
655 _aPodręczniki akademickie
830 _aPodręczniki Prawnicze
020 _a8371106378
040 _cBPK
041 0 _apl
080 _a347.2(438)(075.8)
920 _a83-7110-637-8
942 _cKS
008 s pl f |000 0 pol
999 _c39717
_d39717
856 _uhttp://koha.tu.koszalin.pl/cgi-bin/koha/opac-detail.pl?biblionumber=39717
_yKatalog online BPK